[Event "First Saturday 2012 may IM"]
[Site "Budapest"]
[Date "2012.05.05"]
[Round "1"]
[White "Gledura, Benjamin"]
[Black "Korpa, Bence"]
[Result "1-0"]
[WhiteElo "2312"]
[BlackElo "2297"]
[PlyCount "45"]
[EventDate "2012.05.05"]

1. e4 e5 2. Nf3 Nc6 3. Bb5 a6 4. Ba4 Nge7 5. O-O g6 6. c3 Bg7 7. d4 exd4 8.
cxd4 O-O 9. d5 b5 10. Bc2 Na5 11. Nc3 d6 12. Rb1 f5 13. Re1 h6 14. Ne2 fxe4 15.
Bxe4 Nf5 16. Nf4 Qf6 17. b3 Rb8 18. Qc2 g5 19. Nh5 Qc3 20. Qd1 Nb7 21. Bb2 Qa5
22. Nxg7 Nxg7 23. Qd4 1-0

[Event "First Saturday 2012 may IM"]
[Site "Budapest"]
[Date "2012.05.05"]
[Round "1"]
[White "Wang, Xinyue"]
[Black "Tesik, Csaba"]
[Result "0-1"]
[WhiteElo "2041"]
[BlackElo "2339"]
[PlyCount "96"]
[EventDate "2012.05.05"]

1. d4 Nf6 2. c4 e6 3. g3 c5 4. d5 exd5 5. cxd5 d6 6. Nc3 g6 7. Bg2 Bg7 8. Nf3
O-O 9. O-O a6 10. a4 Nbd7 11. Nd2 Ne8 12. Nc4 Nb6 13. Nd2 Bd7 14. e4 Rb8 15.
Re1 Nc7 16. f4 Re8 17. h3 Nc8 18. a5 b5 19. axb6 Nxb6 20. Nf3 Nb5 21. Rxa6 Nxc3
22. bxc3 Qc8 23. Ra7 Bxh3 24. Bxh3 Qxh3 25. Kf2 Qc8 26. Qd3 c4 27. Qd2 Qc5+ 28.
Qe3 Bxc3 29. Re2 Rxe4 30. Qxc5 Rxe2+ 31. Kxe2 dxc5 32. d6 Rd8 33. Be3 Bb4 34.
Ng5 Rxd6 35. Nxf7 Rd7 36. Rxd7 Nxd7 37. Nd6 Nb6 38. Ne4 Na4 39. Kd1 Nc3+ 40.
Nxc3 Bxc3 41. Bxc5 h5 42. Ke2 Kf7 43. Kf3 Bd2 44. g4 h4 45. f5 g5 46. Ke4 c3
47. Bb4 Be1 48. Ba3 Bg3 0-1

[Event "First Saturday 2012 may IM"]
[Site "Budapest"]
[Date "2012.05.05"]
[Round "1"]
[White "Farago, Sandor"]
[Black "Kojima, Shinya"]
[Result "0-1"]
[WhiteElo "2270"]
[BlackElo "2264"]
[PlyCount "108"]
[EventDate "2012.05.05"]

1. e4 c5 2. Nf3 Nc6 3. d4 cxd4 4. Nxd4 Nf6 5. Nc3 e5 6. Ndb5 d6 7. a4 a6 8. Na3
Bg4 9. f3 Be6 10. Bc4 Nb4 11. O-O Rc8 12. Nd5 Nbxd5 13. exd5 Bd7 14. c3 Be7 15.
Be3 O-O 16. Qb3 Qc7 17. Bb6 Qb8 18. Nc2 Bf5 19. Ne3 Bg6 20. Be2 Nd7 21. Nc4
Nxb6 22. Nxb6 Rc7 23. a5 Qd8 24. c4 Bg5 25. Ra3 f5 26. Qd1 Bf4 27. g3 Qg5 28.
Kf2 Qh6 29. gxf4 Qxh2+ 30. Ke1 exf4 31. Qd4 Re7 32. Qf2 Qh3 33. Kd2 Rfe8 34.
Bd3 Re3 35. c5 dxc5 36. d6 Bf7 37. d7 Rd8 38. Rc3 Qh6 39. Bxf5 Qf6 40. Bc2 Qd4+
41. Kc1 Rxc3 42. bxc3 Qxc3 43. Qh4 Qa1+ 44. Kd2 Qxa5+ 45. Kd1 Qxb6 46. Qxh7+
Kf8 47. Qh8+ Bg8 48. Re1 Rxd7+ 49. Kc1 Qf6 50. Kb1 {after 3 move} 50... Qf7 51.
Re4 Qa2+ 52. Kc1 Qa1+ 53. Bb1 Qa3+ 54. Kc2 Qb3+ 0-1

[Event "First Saturday 2012 may IM"]
[Site "Budapest"]
[Date "2012.05.05"]
[Round "1"]
[White "Gupta, Bhaskar"]
[Black "Petran, Pal"]
[Result "1-0"]
[WhiteElo "2096"]
[BlackElo "2365"]
[PlyCount "43"]
[EventDate "2012.05.05"]

1. e4 e5 2. Nf3 Nc6 3. Bb5 Nf6 4. d3 Bc5 5. O-O O-O 6. Bxc6 bxc6 7. Nxe5 d5 8.
d4 Bb6 9. Nxc6 Qd6 10. exd5 Ba6 11. Re1 Rfe8 12. Be3 Nxd5 13. Ne5 c5 14. c3
cxd4 15. cxd4 f6 16. Nf3 Rac8 17. Nbd2 Nb4 18. Qb3+ Kh8 19. Bf4 Rxe1+ 20. Rxe1
Qf8 21. Qa4 Bb7 22. Bd6 1-0

[Event "First Saturday 2012 may IM"]
[Site "Budapest"]
[Date "2012.05.06"]
[Round "2"]
[White "Tesik, Csaba"]
[Black "Farago, Sandor"]
[Result "1-0"]
[WhiteElo "2339"]
[BlackElo "2270"]
[PlyCount "54"]
[EventDate "2012.05.05"]

1. e4 Nf6 2. e5 Nd5 3. d4 d6 4. Nf3 c6 5. Bc4 Bg4 6. exd6 Qxd6 7. O-O Nd7 8.
Re1 e6 9. Nbd2 Be7 10. Ne4 Qc7 11. Ng3 Bd6 12. Bf1 O-O-O 13. h3 h5 14. Ne4 Bh2+
15. Kh1 N7f6 16. Neg5 Bd6 17. c4 Nf4 18. Qb3 c5 19. Ne5 Ng6 20. Nexf7 cxd4 21.
Nxd8 Qxd8 22. Qd3 Ne5 23. Qxd4 Kb8 24. c5 Nf3 25. Nxf3 Bxc5 26. Qf4+ Bd6 27.
Qc4 Nd5 1-0

[Event "First Saturday 2012 may IM"]
[Site "Budapest"]
[Date "2012.05.06"]
[Round "2"]
[White "Galyas, Miklos"]
[Black "Wang, Xinyue"]
[Result "1-0"]
[WhiteElo "2403"]
[BlackElo "2041"]
[PlyCount "49"]
[EventDate "2012.05.05"]

1. d4 d5 2. c4 c6 3. Nf3 Nf6 4. e3 e6 5. b3 Nbd7 6. Bb2 Bd6 7. Nbd2 a6 8. Bd3
O-O 9. O-O Qc7 10. Rc1 b6 11. cxd5 exd5 12. Ne5 c5 13. f4 Bb7 14. Nxd7 Qxd7 15.
dxc5 Qe7 16. cxd6 Qxe3+ 17. Kh1 Qxd3 18. Bxf6 gxf6 19. Rc7 Rab8 20. Nf3 Qe4 21.
Qd4 Qe6 22. Qxb6 Ba8 23. Qxa6 Rfd8 24. Nd4 Rxd6 25. Qa7 1-0

[Event "First Saturday 2012 may IM"]
[Site "Budapest"]
[Date "2012.05.06"]
[Round "2"]
[White "Korpa, Bence"]
[Black "Lengyel, Bela"]
[Result "1-0"]
[WhiteElo "2297"]
[BlackElo "2260"]
[PlyCount "153"]
[EventDate "2012.05.05"]

1. e4 e5 2. Nf3 Nc6 3. Bb5 a6 4. Ba4 Nf6 5. O-O Be7 6. d3 d6 7. c3 O-O 8. Nbd2
Bd7 9. Re1 Qe8 10. Bc2 Nh5 11. d4 f6 12. Nf1 Kh8 13. h3 g6 14. Bh6 Ng7 15. Qd2
Nd8 16. Rad1 Nf7 17. Be3 Rd8 18. Qe2 Ne6 19. Bc1 Rg8 20. Ng3 Bf8 21. d5 Nf4 22.
Qc4 c5 23. dxc6 bxc6 24. Bb3 Be6 25. Qxa6 Bxb3 26. axb3 Ne6 27. b4 Qd7 28. Be3
Bh6 29. Qd3 Bxe3 30. Qxe3 d5 31. Qd2 Qe7 32. Qc2 Rd7 33. Qb3 Rgd8 34. exd5 cxd5
35. Ne2 Kg7 36. Rd2 Rd6 37. Red1 Qb7 38. Qa2 d4 39. cxd4 e4 40. Ne1 f5 41. d5
Nf8 42. Qb3 Rb6 43. Nd4 Re8 44. Qc3 Kg8 45. Nc6 Nd6 46. Ra1 Qd7 47. Rdd1 Rb7
48. Nc2 f4 49. Qf6 Nf5 50. N2d4 Qxd5 51. Nxf5 Qxf5 52. Qxf5 gxf5 53. Rd5 Rf7
54. Nd4 Rc7 55. Rc5 Rd7 56. Nxf5 Ng6 57. Rc2 Re5 58. Nh6+ Kg7 59. Ng4 Re6 60.
Rac1 h5 61. Nh2 Kf6 62. Nf1 Ne5 63. Rd2 Rxd2 64. Nxd2 Nd3 65. Rc4 Kf5 66. Rd4
Nxb2 67. Kf1 Na4 68. Rd5+ Re5 69. Ra5 Nb6 70. Ke2 h4 71. Nb3 Nc4 72. Nd4+ Kf6
73. Ra6+ Kf7 74. Rc6 Na3 75. Rc3 Rd5 76. Rxa3 Rxd4 77. Rb3 1-0

[Event "First Saturday 2012 may IM"]
[Site "Budapest"]
[Date "2012.05.07"]
[Round "3"]
[White "Wang, Xinyue"]
[Black "Korpa, Bence"]
[Result "1/2-1/2"]
[WhiteElo "2041"]
[BlackElo "2297"]
[PlyCount "92"]
[EventDate "2012.05.05"]

1. c4 g6 2. Nc3 c5 3. g3 Bg7 4. Bg2 Nc6 5. e4 d6 6. Nge2 Nf6 7. O-O O-O 8. Rb1
Ne8 9. f4 Nc7 10. Kh1 Rb8 11. b3 Ne6 12. Bb2 Ned4 13. Nxd4 Nxd4 14. Nb5 Nxb5
15. cxb5 Qa5 16. Bxg7 Kxg7 17. a4 Qb4 18. Qc2 e5 19. Qc3 f6 20. Qxb4 cxb4 21.
d4 Be6 22. d5 Bd7 23. Rfc1 Rfc8 24. fxe5 dxe5 25. Rc4 Kf7 26. Rxb4 Rc2 27. b6
a6 28. Rc4 Rc8 29. Bf1 R2xc4 30. Bxc4 Ke7 31. Kg2 Kd6 32. Rc1 f5 33. Kf3 fxe4+
34. Kxe4 Bf5+ 35. Ke3 h5 36. a5 Rc5 37. b4 Rc8 38. Kd2 Be4 39. b5 axb5 40. Bxb5
Rxc1 41. Kxc1 Bxd5 42. Kd2 g5 43. h4 gxh4 44. gxh4 Kc5 45. Be8 Kb4 46. a6 bxa6
1/2-1/2

[Event "First Saturday 2012 may IM"]
[Site "Budapest"]
[Date "2012.05.07"]
[Round "3"]
[White "Gupta, Bhaskar"]
[Black "Tesik, Csaba"]
[Result "1/2-1/2"]
[WhiteElo "2096"]
[BlackElo "2339"]
[PlyCount "83"]
[EventDate "2012.05.05"]

1. e4 e5 2. Nf3 Nc6 3. Bb5 a6 4. Ba4 Nf6 5. d3 b5 6. Bb3 Be7 7. O-O d6 8. a4
Rb8 9. axb5 axb5 10. Nc3 O-O 11. h3 Be6 12. Bxe6 fxe6 13. Ne2 Qd7 14. Be3 d5
15. Ng3 Bd6 16. Nh2 Ne7 17. Ng4 Ng6 18. Nxf6+ Rxf6 19. Qg4 Rf7 20. Nh5 Re8 21.
Ra6 Nf4 22. Re1 Nxh5 23. Qxh5 Ref8 24. f3 Rf6 25. Qh4 Rg6 26. Qf2 Qd8 27. Rea1
Be7 28. Qe2 d4 29. Bd2 Bc5 30. Kh1 h6 31. R6a5 Qd7 32. Qe1 Bb6 33. Ra8 Rxa8 34.
Rxa8+ Kh7 35. Qh4 Rf6 36. Qh5 Qc6 37. Qe8 Qxe8 38. Rxe8 Kg6 39. Ra8 Rf7 40. Ba5
Bxa5 41. Rxa5 c6 42. Ra6 1/2-1/2

[Event "First Saturday 2012 may IM"]
[Site "Budapest"]
[Date "2012.05.08"]
[Round "4"]
[White "Tesik, Csaba"]
[Black "Petran, Pal"]
[Result "1/2-1/2"]
[WhiteElo "2339"]
[BlackElo "2365"]
[PlyCount "34"]
[EventDate "2012.05.05"]

1. e4 e5 2. Nf3 Nc6 3. Bb5 Nf6 4. d3 Bc5 5. O-O Nd4 6. Nxd4 Bxd4 7. c3 Bb6 8.
Nd2 c6 9. Ba4 O-O 10. Nf3 d6 11. h3 h6 12. Re1 Re8 13. Bc2 Nh7 14. d4 Qf6 15.
Be3 Ng5 16. Nh2 Ne6 17. Qf3 Qxf3 1/2-1/2

[Event "First Saturday 2012 may IM"]
[Site "Budapest"]
[Date "2012.05.08"]
[Round "4"]
[White "Galyas, Miklos"]
[Black "Gupta, Bhaskar"]
[Result "0-1"]
[WhiteElo "2403"]
[BlackElo "2096"]
[PlyCount "60"]
[EventDate "2012.05.05"]

1. d4 Nf6 2. Nf3 e6 3. e3 d5 4. Bd3 c5 5. b3 Nc6 6. Bb2 Be7 7. O-O O-O 8. Nbd2
b6 9. a3 Bb7 10. Ne5 Nxe5 11. dxe5 Ne4 12. Bxe4 dxe4 13. Bc3 Qd5 14. Qe2 Qc6
15. Rfd1 Rfd8 16. Qg4 b5 17. h4 Rd5 18. Nf1 Rad8 19. Rdc1 R5d7 20. Ng3 Kh8 21.
Nh5 Rg8 22. Rd1 Rxd1+ 23. Rxd1 Qc8 24. b4 cxb4 25. Bxb4 Bxb4 26. axb4 Bd5 27.
Ra1 a6 28. Qg5 Qxc2 29. Rxa6 Qd1+ 30. Kh2 h6 0-1

[Event "First Saturday 2012 may IM"]
[Site "Budapest"]
[Date "2012.05.08"]
[Round "4"]
[White "Korpa, Bence"]
[Black "Farago, Sandor"]
[Result "1-0"]
[WhiteElo "2297"]
[BlackElo "2270"]
[PlyCount "119"]
[EventDate "2012.05.05"]

1. e4 c5 2. Nf3 d6 3. d4 cxd4 4. Nxd4 Nf6 5. Nc3 a6 6. h3 e5 7. Nde2 Be6 8. g4
d5 9. exd5 Nxd5 10. Bg2 Nxc3 11. Qxd8+ Kxd8 12. Nxc3 Nc6 13. Be3 Kc7 14. O-O-O
Bb4 15. Nd5+ Bxd5 16. Bxd5 f6 17. c3 Bd6 18. Be4 Rad8 19. Rd2 Be7 20. Rhd1 Rxd2
21. Rxd2 g6 22. Kc2 Nd8 23. b4 b6 24. a4 Nc6 25. Bd5 Rd8 26. Bc4 a5 27. b5
Rxd2+ 28. Bxd2 Nb8 29. Bg8 Nd7 30. Bxh7 g5 31. Kd1 Nc5 32. Bc2 Kd6 33. c4 Ke6
34. Ke2 Bd6 35. Kf3 Bc7 36. Kg2 Bd6 37. Be3 Be7 38. f3 Kd6 39. h4 gxh4 40. Kh3
Bd8 41. Kxh4 Be7 42. Kh5 Ke6 43. Kg6 Bd6 44. Bf2 Be7 45. Bf5+ Kd6 46. Bxc5+
Kxc5 47. Kf7 Bd8 48. Ke6 Bc7 49. Kxf6 Kxc4 50. Be4 Bd8+ 51. Kf5 Kc5 52. Kxe5
Bc7+ 53. Kf5 Kd6 54. g5 Ke7 55. Kg4 Be5 56. f4 Bd4 57. f5 Kf7 58. Bd5+ Kg7 59.
f6+ Kg6 60. Be4+ 1-0

[Event "First Saturday 2012 may IM"]
[Site "Budapest"]
[Date "2012.05.08"]
[Round "4"]
[White "Dolgener, Tobias"]
[Black "Wang, Xinyue"]
[Result "1-0"]
[WhiteElo "2215"]
[BlackElo "2041"]
[PlyCount "81"]
[EventDate "2012.05.05"]

1. e4 e6 2. d4 d5 3. Nd2 c5 4. exd5 Qxd5 5. Ngf3 cxd4 6. Bc4 Qd6 7. O-O Nc6 8.
Ne4 Qd8 9. Bb5 Bd7 10. Re1 Nf6 11. Nxf6+ Qxf6 12. Bg5 Qf5 13. Bd3 Qc5 14. a3 f6
15. b4 Qb6 16. b5 Ne7 17. a4 fxg5 18. Nxg5 O-O-O 19. Nf7 Nd5 20. Nxh8 Bb4 21.
Nf7 Bxe1 22. Qxe1 Rf8 23. Ne5 h6 24. Qe4 Qc5 25. Re1 Rf4 26. Qg6 Qe7 27. g3 Rf6
28. Qe4 Qb4 29. Rf1 Nc3 30. Qg4 g5 31. Qh5 Nxa4 32. Ng4 Rf8 33. Qxh6 Nb2 34.
Rb1 Rd8 35. Qxg5 Qc3 36. Be4 Nc4 37. Bxb7+ Kc7 38. Be4 Nd2 39. Qe5+ Kb6 40.
Qd6+ Ka5 41. Qa6# 1-0

[Event "First Saturday 2012 may IM"]
[Site "Budapest"]
[Date "2012.05.08"]
[Round "4"]
[White "Gledura, Benjamin"]
[Black "Lengyel, Bela"]
[Result "1-0"]
[WhiteElo "2312"]
[BlackElo "2260"]
[PlyCount "97"]
[EventDate "2012.05.05"]

1. e4 e5 2. Nf3 Nc6 3. Bb5 a6 4. Ba4 Nf6 5. O-O Be7 6. d3 b5 7. Bb3 d6 8. a4
Bd7 9. c3 O-O 10. Re1 Na5 11. Bc2 c5 12. Nbd2 Re8 13. Nf1 h6 14. Ng3 Bf8 15. h3
Nc6 16. d4 Qc7 17. Be3 g6 18. Qd2 Kh7 19. Bb3 c4 20. Bc2 Na5 21. axb5 axb5 22.
Nh2 Nb3 23. Bxb3 cxb3 24. Rxa8 Rxa8 25. Qd1 Qc4 26. Nf3 exd4 27. Bxd4 Ne8 28.
Nd2 Qa4 29. Nxb3 Be6 30. Nd2 Qxd1 31. Rxd1 Ra2 32. b3 h5 33. Ngf1 Bh6 34. Ne3
f5 35. exf5 gxf5 36. c4 b4 37. Nf3 Ra3 38. Rb1 Bxe3 39. Bxe3 Kg6 40. Bd2 Ra6
41. Nd4 Bf7 42. Bxb4 Rb6 43. Ba5 Rb7 44. Re1 Nf6 45. f3 Ra7 46. Bc3 h4 47. Nb5
Ra6 48. Rd1 d5 49. Bxf6 1-0

[Event "First Saturday 2012 may IM"]
[Site "Budapest"]
[Date "2012.05.09"]
[Round "5"]
[White "Wang, Xinyue"]
[Black "Gledura, Benjamin"]
[Result "1-0"]
[WhiteElo "2041"]
[BlackElo "2312"]
[PlyCount "115"]
[EventDate "2012.05.05"]

1. d4 Nf6 2. c4 g6 3. Nc3 d5 4. cxd5 Nxd5 5. Bd2 Bg7 6. Nf3 O-O 7. e3 c5 8. Qb3
Nxc3 9. Bxc3 Nd7 10. d5 Nf6 11. Rd1 b6 12. Bc4 Bg4 13. Be2 a6 14. a4 Bxf3 15.
Bxf3 Qd6 16. e4 Nd7 17. Bxg7 Kxg7 18. O-O Kg8 19. Be2 f5 20. exf5 gxf5 21. Rfe1
Rf6 22. Bf3 Nf8 23. Rxe7 Qxe7 24. d6+ Qf7 25. Bd5 Re6 26. Qg3+ Qg6 27. Bxa8
Qxg3 28. fxg3 Re8 29. Bb7 a5 30. Kf2 Kg7 31. d7 Rd8 32. Bc8 Kf7 33. Ke3 Ke6 34.
Kf4 Ng6+ 35. Kg5 Ne7 36. Ba6 Rxd7 37. Rxd7 Kxd7 38. Kf6 Kd6 39. h4 Nd5+ 40.
Kxf5 c4 41. Ke4 Kc5 42. g4 c3 43. bxc3 Nxc3+ 44. Ke5 Nxa4 45. g5 Nc3 46. h5 Nd5
47. g6 h6 48. g7 Ne7 49. Ke6 Ng8 50. Kf7 a4 51. Bc8 Kd6 52. Be6 Ne7 53. Bc4 a3
54. g4 b5 55. Ba2 b4 56. g5 hxg5 57. h6 Nf5 58. h7 1-0

[Event "First Saturday 2012 may IM"]
[Site "Budapest"]
[Date "2012.05.09"]
[Round "5"]
[White "Farago, Sandor"]
[Black "Dolgener, Tobias"]
[Result "*"]
[WhiteElo "2270"]
[BlackElo "2215"]
[PlyCount "57"]
[EventDate "2012.05.05"]

1. e4 c5 2. Nf3 Nc6 3. d4 cxd4 4. Nxd4 e5 5. Nb5 d6 6. a4 Be6 7. N1c3 a6 8. Na3
Nf6 9. Bc4 Rc8 10. O-O Be7 11. Bd5 Bxd5 12. Nxd5 Nxe4 13. Qg4 f5 14. Qxg7 Bf6
15. Qh6 Kf7 16. Qh5+ Ke6 17. Ne3 Ne7 18. f4 Qe8 19. Qf3 Qg6 20. fxe5 Bxe5 21.
Nac4 Bd4 22. Kh1 d5 23. c3 Ba7 24. Nd2 Rhg8 25. Nb3 f4 26. Qh3+ Kf7 27. Nc2
Nf2+ 28. Rxf2 Bxf2 29. Bxf4 *

[Event "First Saturday 2012 may IM"]
[Site "Budapest"]
[Date "2012.05.09"]
[Round "5"]
[White "Gupta, Bhaskar"]
[Black "Korpa, Bence"]
[Result "1/2-1/2"]
[WhiteElo "2096"]
[BlackElo "2297"]
[PlyCount "174"]
[EventDate "2012.05.05"]

1. e4 c5 2. c3 d5 3. exd5 Qxd5 4. d4 Nf6 5. Nf3 e6 6. Na3 Nc6 7. Be3 Ng4 8. Nc4
Nxe3 9. Nxe3 Qd6 10. d5 exd5 11. Qxd5 Be6 12. Qxd6 Bxd6 13. Ng5 Bc8 14. Ne4 Be7
15. Nd5 Bf5 16. Ng3 O-O-O 17. Nxf5 Rxd5 18. Nxe7+ Nxe7 19. Bc4 Re5+ 20. Kd2
Rd8+ 21. Kc2 Nc6 22. Rhe1 Rde8 23. Kd2 Rd8+ 24. Kc2 Rde8 25. Rxe5 Rxe5 26. Kd2
f6 27. Re1 Rxe1 28. Kxe1 Ne5 29. Be2 Kd7 30. f4 Nf7 31. Bd3 h6 32. Ke2 Nd6 33.
Kf3 Ke7 34. Kg4 Ne8 35. Kf5 Nc7 36. Kg6 Kf8 37. Be4 b6 38. g3 Ne8 39. Bd5 Nc7
40. Bf7 Nb5 41. g4 Nd6 42. Bd5 Ne8 43. h3 Nc7 44. Bf7 Nb5 45. h4 Nd6 46. Bd5
Ne8 47. a4 Nc7 48. Bf7 Na6 49. Bc4 Nc7 50. Bf7 Na6 51. Bc4 Nc7 52. Kf5 Ke7 53.
Bb3 Ne8 54. Kg6 Kf8 55. Kf5 Nc7 56. g5 hxg5 57. hxg5 fxg5 58. fxg5 Ke7 59. Ke5
Kd7 60. Bd1 Ke7 61. Bg4 g6 62. Bh3 Ne8 63. Kd5 Nd6 64. Kc6 Ne4 65. Kb7 Kd6 66.
Kxa7 Kc7 67. Bf1 Nxg5 68. Bd3 Nf7 69. Bxg6 Ne5 70. Be4 Nc4 71. b3 Nd6 72. Bd3
Nc8+ 73. Ka6 Nd6 74. Bc2 Nb7 75. Be4 Nd6 76. Bd5 Nf5 77. Be4 Nd6 78. Bf3 Nf5
79. Bg2 Nd6 80. Ka7 Nc8+ 81. Ka6 Nd6 82. b4 cxb4 83. cxb4 Nc4 84. Ka7 Nb2 85.
a5 bxa5 86. bxa5 Nc4 87. a6 Nd6 1/2-1/2

[Event "First Saturday 2012 may IM"]
[Site "Budapest"]
[Date "2012.05.09"]
[Round "5"]
[White "Petran, Pal"]
[Black "Galyas, Miklos"]
[Result "1/2-1/2"]
[WhiteElo "2365"]
[BlackElo "2403"]
[PlyCount "20"]
[EventDate "2012.05.05"]

1. d4 e6 2. c4 f5 3. Nf3 Nf6 4. g3 d5 5. Bg2 c6 6. O-O Bd6 7. b3 Qe7 8. Bb2 O-O
9. Ne5 Nbd7 10. Qc1 a5 1/2-1/2

[Event "First Saturday 2012 may IM"]
[Site "Budapest"]
[Date "2012.05.10"]
[Round "6"]
[White "Galyas, Miklos"]
[Black "Kojima, Shinya"]
[Result "1-0"]
[WhiteElo "2403"]
[BlackElo "2264"]
[PlyCount "87"]
[EventDate "2012.05.05"]

1. Nf3 Nf6 2. g3 d5 3. Bg2 Bg4 4. b3 Nbd7 5. Bb2 c6 6. O-O e6 7. d3 Bd6 8. Nbd2
O-O 9. h3 Bh5 10. Qe1 e5 11. e4 Re8 12. Nh4 a5 13. a4 Qc7 14. Kh1 Bb4 15. f3
Rad8 16. Qe2 dxe4 17. dxe4 Nf8 18. c3 Bc5 19. Nc4 Ne6 20. Bc1 Bf8 21. Nf5 Nd7
22. Be3 f6 23. Rfb1 Bf7 24. Qf2 Nec5 25. Bf1 Ra8 26. Rd1 Red8 27. Nfd6 Nxb3 28.
Nxf7 Kxf7 29. Qa2 Ndc5 30. Bxc5 Nxc5 31. Nb6+ Ke8 32. Nxa8 Rxa8 33. Qg8 g6 34.
Bc4 Qg7 35. h4 Qxg8 36. Bxg8 h6 37. h5 g5 38. Kg2 Be7 39. Kh3 Rd8 40. Rxd8+
Bxd8 41. Bc4 Be7 42. Kg4 Kf8 43. Kf5 Kg7 44. Rd1 1-0

[Event "First Saturday 2012 may IM"]
[Site "Budapest"]
[Date "2012.05.10"]
[Round "6"]
[White "Dolgener, Tobias"]
[Black "Gupta, Bhaskar"]
[Result "1/2-1/2"]
[WhiteElo "2215"]
[BlackElo "2096"]
[PlyCount "81"]
[EventDate "2012.05.05"]

1. e4 e6 2. d4 d5 3. Nd2 Nf6 4. e5 Nfd7 5. c3 c5 6. Bd3 Nc6 7. Ne2 cxd4 8. cxd4
f6 9. exf6 Nxf6 10. Nf3 Bd6 11. O-O O-O 12. Bf4 Bxf4 13. Nxf4 Ne4 14. Ne2 Rxf3
15. gxf3 Ng5 16. Kh1 e5 17. dxe5 Nxf3 18. Ng1 Nfxe5 19. f4 Ng4 20. Qd2 d4 21.
Rae1 Ne3 22. Rxe3 dxe3 23. Bc4+ Kh8 24. Qxe3 Bf5 25. Nf3 Qd7 26. Re1 Rf8 27.
Kg1 Bg6 28. Be6 Qd6 29. Nh4 Qxf4 30. Nxg6+ hxg6 31. Qxf4 Rxf4 32. Re3 g5 33.
Bd5 g4 34. Bxc6 bxc6 35. Ra3 Rb4 36. b3 c5 37. Rxa7 c4 38. bxc4 Rxc4 39. Kf2
Rc2+ 40. Kg3 Kh7 41. Ra4 1/2-1/2

[Event "First Saturday 2012 may IM"]
[Site "Budapest"]
[Date "2012.05.10"]
[Round "6"]
[White "Gledura, Benjamin"]
[Black "Farago, Sandor"]
[Result "0-1"]
[WhiteElo "2312"]
[BlackElo "2270"]
[PlyCount "90"]
[EventDate "2012.05.05"]

1. e4 c5 2. Nf3 e6 3. c4 Nc6 4. Nc3 a6 5. Be2 Nge7 6. d4 cxd4 7. Nxd4 Nxd4 8.
Qxd4 Nc6 9. Qd3 Bc5 10. O-O Qf6 11. a3 Nd4 12. Bd1 b5 13. Be3 bxc4 14. Qxc4 Ba7
15. Ba4 O-O 16. Rad1 e5 17. Nd5 Qd8 18. Bxd4 Bxd4 19. b4 Bb7 20. Rc1 Rc8 21.
Qa2 d6 22. Rxc8 Bxc8 23. Rc1 Qg5 24. Qc2 Bh3 25. g3 h5 26. Rd1 h4 27. Qd2 Qg4
28. Qd3 Kh8 29. Re1 f5 30. exf5 Rxf5 31. Ne3 Qf3 32. Qe2 Qb7 33. Bc2 Bxe3 34.
fxe3 Rf3 35. e4 Qf7 36. Bd1 Rxa3 37. gxh4 g6 38. Qd2 Ra2 39. Qh6+ Kg8 40. Bb3
Qxb3 41. Qxg6+ Kf8 42. Qxd6+ Kf7 43. Qc7+ Kg6 44. h5+ Kh6 45. Qxe5 Qg8+ 0-1

[Event "First Saturday 2012 may IM"]
[Site "Budapest"]
[Date "2012.05.10"]
[Round "6"]
[White "Lengyel, Bela"]
[Black "Wang, Xinyue"]
[Result "1-0"]
[WhiteElo "2260"]
[BlackElo "2041"]
[PlyCount "157"]
[EventDate "2012.05.05"]

1. e4 e5 2. Nf3 Nc6 3. Bb5 Nge7 4. O-O g6 5. c3 a6 6. Ba4 Bg7 7. d4 b5 8. Bb3
exd4 9. cxd4 O-O 10. d5 Na5 11. Bc2 d6 12. Nbd2 f5 13. Rb1 c5 14. b4 Nb7 15.
Bb2 cxb4 16. Bxg7 Kxg7 17. Rxb4 Nc5 18. Nd4 fxe4 19. Nxe4 a5 20. Rxb5 Rf4 21.
Re1 Nxe4 22. Bxe4 Kg8 23. Qd2 Rf6 24. h4 Qf8 25. h5 gxh5 26. Qg5+ Qg7 27. Bxh7+
Kxh7 28. Qxg7+ Kxg7 29. Rxe7+ Kg6 30. Rb6 Bf5 31. f3 Rc8 32. Nc6 h4 33. Kf2 h3
34. gxh3 Bxh3 35. Rbb7 Rg8 36. Re1 Rgf8 37. Rg1+ Kh6 38. Nd4 Rf4 39. Ke3 Rh4
40. Rgg7 Re8+ 41. Rge7 Rxe7+ 42. Rxe7 Rh5 43. Ne2 Rxd5 44. Nf4 Rd1 45. Ra7 Bf5
46. Rxa5 Kg5 47. Nd5 Rd3+ 48. Ke2 Rd4 49. Ne3 d5 50. Nxd5 Kh4 51. Ke3 Rd3+ 52.
Kf4 Bg6 53. Nf6 Rd4+ 54. Ke5 Rd3 55. Ra4+ Kh3 56. f4 Re3+ 57. Kd6 Bf7 58. f5
Rf3 59. Ke5 Rf2 60. a3 Re2+ 61. Ne4 Be8 62. Rc4 Kg4 63. Kf6 Kf3 64. Nd6 Bd7 65.
Rc7 Ba4 66. Rc3+ Kg2 67. Kf7 Rd2 68. Nc4 Rd7+ 69. Ke6 Ra7 70. f6 Bd7+ 71. Kd6
Bb5 72. Ne5 Be8 73. Rc8 Bh5 74. Rh8 Ra6+ 75. Ke7 Ra7+ 76. Nd7 Bg4 77. f7 Rxd7+
78. Kf6 Rd3 79. f8=Q 1-0

[Event "First Saturday 2012 may IM"]
[Site "Budapest"]
[Date "2012.05.11"]
[Round "7"]
[White "Gupta, Bhaskar"]
[Black "Gledura, Benjamin"]
[Result "1/2-1/2"]
[WhiteElo "2096"]
[BlackElo "2312"]
[PlyCount "73"]
[EventDate "2012.05.05"]

1. e4 c5 2. c3 d5 3. exd5 Qxd5 4. d4 Nf6 5. Nf3 e6 6. Na3 a6 7. Nc4 Nbd7 8. a4
cxd4 9. Nxd4 Be7 10. Qf3 O-O 11. Be2 Bc5 12. Be3 e5 13. Nf5 Qe6 14. Bh6 Ne8 15.
Be3 Bxe3 16. Ncxe3 Kh8 17. Bc4 Qb6 18. O-O Ndf6 19. Ne7 Bd7 20. N7d5 Nxd5 21.
Qxd5 Qc7 22. Rfd1 Rd8 23. Bb3 Nf6 24. Qd6 Rc8 25. Qxc7 Rxc7 26. f3 Bc6 27. Rd6
Kg8 28. Rad1 Rd7 29. a5 Rfd8 30. Rxd7 Rxd7 31. Rxd7 Nxd7 32. Bd5 Bxd5 33. Nxd5
f6 34. Kf2 Kf7 35. Ke3 Ke6 36. c4 Nb8 37. b4 1/2-1/2

[Event "First Saturday 2012 may IM"]
[Site "Budapest"]
[Date "2012.05.12"]
[Round "8"]
[White "Korpa, Bence"]
[Black "Tesik, Csaba"]
[Result "1/2-1/2"]
[WhiteElo "2297"]
[BlackElo "2339"]
[PlyCount "52"]
[EventDate "2012.05.05"]

1. e4 e5 2. Nf3 Nc6 3. Bb5 a6 4. Ba4 Nf6 5. O-O Be7 6. d3 b5 7. Bb3 d6 8. a4
Rb8 9. axb5 axb5 10. Nbd2 O-O 11. h3 h6 12. Re1 Re8 13. c3 Bf8 14. d4 Bb7 15.
Qe2 exd4 16. cxd4 Nxe4 17. Nxe4 d5 18. Qxb5 dxe4 19. Ne5 Nxe5 20. dxe5 Qd4 21.
Bf4 Ba8 22. Qa4 Bc5 23. Re2 e3 24. Bxe3 Qxa4 25. Bxa4 Rxe5 26. Rae1 Bxe3
1/2-1/2

[Event "First Saturday 2012 may IM"]
[Site "Budapest"]
[Date "2012.05.12"]
[Round "8"]
[White "Gledura, Benjamin"]
[Black "Petran, Pal"]
[Result "1-0"]
[WhiteElo "2312"]
[BlackElo "2365"]
[PlyCount "42"]
[EventDate "2012.05.05"]

1. e4 e5 2. Nf3 Nc6 3. Bb5 a6 4. Ba4 Nf6 5. O-O Be7 6. d3 d6 7. c3 O-O 8. Re1
b5 9. Bc2 Re8 10. a4 b4 11. a5 Bd7 12. Bb3 h6 13. Nbd2 Bf8 14. Nf1 bxc3 15.
bxc3 Na7 16. Ne3 Rb8 17. Qc2 Be6 18. Bxe6 Rxe6 19. c4 c6 20. Bb2 Qc7 21. Bc3
Ree8 1-0

[Event "First Saturday 2012 may IM"]
[Site "Budapest"]
[Date "2012.05.12"]
[Round "8"]
[White "Lengyel, Bela"]
[Black "Gupta, Bhaskar"]
[Result "0-1"]
[WhiteElo "2260"]
[BlackElo "2096"]
[PlyCount "82"]
[EventDate "2012.05.05"]

1. e4 e6 2. d4 d5 3. Nc3 Bb4 4. e5 c5 5. a3 Bxc3+ 6. bxc3 Ne7 7. Nf3 Qa5 8. Qd2
b6 9. Bd3 Ba6 10. O-O cxd4 11. Nxd4 Nbc6 12. Nb3 Qa4 13. Re1 Bxd3 14. Qxd3 Nf5
15. Bb2 Rc8 16. Re2 h5 17. Bc1 Na5 18. Rb1 Nc6 19. Ra1 Nce7 20. h3 h4 21. Bd2
Ng6 22. Qf3 Rc4 23. Rb1 O-O 24. Rbe1 Rfc8 25. Qh5 Qxa3 26. Bg5 Qa4 27. Nd2 Rxc3
28. Nf3 Nd4 29. Nxd4 Qxd4 30. Rd2 Qa4 31. f4 Nxf4 32. Bxf4 Qxf4 33. Rf2 g6 34.
Rxf4 gxh5 35. Ref1 R8c7 36. Rxh4 Rxc2 37. Rf6 d4 38. Rxd4 Re2 39. Rh6 Rxe5 40.
Rd8+ Kg7 41. Rhh8 Rg5 0-1